Word Ladder: The Picard Maneuver Quiz Stats

Quiz Updated Jan 4, 2015

Challenge
Share
Tweet
Embed
Score 0/22 Timer 03:00
0 Plays Today
Clue 4-Letter Word % Correct
Give a quick kissPECK
97.9%
Fifty-two cardsDECK
97.9%
Get ready for travelingPACK
97.6%
Buck or doeDEER
94.7%
Walking speedPACE
93.7%
Jett or Rivers, for exampleJOAN
93.5%
Letter starterDEAR
92.9%
Substance found on latte or at the mouthFOAM
92.2%
Wander around in the wildROAM
90.9%
James, Martin, or a school officialDEAN
90.9%
Reddish-grey horse colorROAN
89%
Clue 4-Letter Word % Correct
Having a light complexionPALE
86.6%
Insect repellentDEET
84.6%
W-2, 1040, or UB40, for exampleFORM
84.1%
Head front, or, with last rung, gesture indicating stupidity-_- FACE -_-
82.8%
First part of the name of the person famously making the gesture-_- JEAN -_-
82.1%
Fairway soundFORE
80.2%
Traffic moneyFARE
80%
Work table, or alternative for last rung in the theme gesture-_- DESK -_-
79.1%
Take the skin offPARE
77.5%
Hand front, or, with first rung, gesture indicating stupidity-_- PALM -_-
74.7%
Journey's end, abbreviatedDEST
73%

Today's Daily Dose

You're not logged in!

Compare scores with friends on all Sporcle quizzes.
Sign Up with Email
OR
Log In

You Might Also Like...

Show Comments

Extras

Top Quizzes Today


Score Distribution

Your Account Isn't Verified!

In order to create a playlist on Sporcle, you need to verify the email address you used during registration. Go to your Sporcle Settings to finish the process.